| 000 | 00763nam a2200241 a 4500 | ||
|---|---|---|---|
| 001 | 000015426 | ||
| 005 | 20200929164034.0 | ||
| 008 | 100208s2002 dr 000 0 spa d | ||
| 020 | _a8489539561 | ||
| 040 |
_aDO-SdBNP _bspa _cBNPHU |
||
| 082 |
_a808.51 _bC957c, 2002 |
||
| 100 | 1 |
_aCruz, Adriano de la _97194 |
|
| 245 | 1 | 0 |
_aCurso de oratoria : _bcómo aprender a hablar en público en diez horas / _cAdriano de la Cruz. |
| 250 | _a3a ed. | ||
| 260 |
_aSanto Domingo : _bCollado, _c2002. |
||
| 300 |
_a155 p. ; _c20 cm. |
||
| 504 | _aBibliográfia: p. 157-158 | ||
| 590 | _aInventariado, 2018/ YL | ||
| 650 | 4 |
_aOratoria _91172 |
|
| 650 | 4 |
_aHablar en público _98143 |
|
| 650 | 4 |
_aCultivo de la voz _934818 |
|
| 910 | _aValidado. Control de calidad MMOLINA | ||
| 999 |
_c14984 _d14984 |
||